000 00398nam a2200157Ia 4500
008 220216s9999 xx 000 0 und d
100 _aDahlan Jantan Mohd
245 0 _aPreservation of rubberwood
260 _bRubberwood: Processing and utilization
_c1994
300 _a85-105
650 _aRubberwood
700 _aHong L T
700 _aMohamad Azlan
700 _aWong A H H
942 _cJS
999 _c65656
_d65656